000 01241nac a22003011u 4500
010 _a 88009161
020 _a0070725411
022 _a0071003738
082 0 0 _a624.1760212
_bROA
090 _c5738
_d5738
100 _aRoark, Raymond J.
245 1 0 _aRoark's formulas for stress and strain /
_cWarren C. Young.
250 _a6th ed.
260 _aNew York :
_bMcGraw-Hill,
_cc1989.
300 _axiv, 763 p. :
_bill. ;
_c24 cm.
500 _aOriginally published under title: Formulas for stress and strain.
500 _aDistributer : Al-Ahram.
504 _aIncludes bibliographies and indexes.
511 _aCatalogued By : Mahitab.
650 0 _aStrength of materials
_xTables.
650 0 _aStrains and stresses
_xTables.
700 1 _aYoung, Warren C.
_q(Warren Clarence),
_d1923-
740 0 _aFormulas for stress and strain.
856 4 2 _3Publisher description
_uhttp://www.loc.gov/catdir/enhancements/fy0602/88009161-d.html
856 4 2 _3Table of contents only
_uhttp://www.loc.gov/catdir/enhancements/fy0602/88009161-t.html
942 _cBB
_k624.1760212
999 _c5738
_d5738